Syria and Lebanon under French mandate / (Record no. 27054)
[ view plain ]
| 000 -LEADER | |
|---|---|
| fixed length control field | 00839nam a22002532a 4500 |
| 001 - CONTROL NUMBER | |
| control field | 27054 |
| 003 - CONTROL NUMBER IDENTIFIER | |
| rucl marc code | BD-RjUL |
| 005 - DATE AND TIME OF LATEST TRANSACTION | |
| control field | 20211209051115.0 |
| 008 - FIXED-LENGTH DATA ELEMENTS--GENERAL INFORMATION | |
| fixed length control field | 140324s1958 enkb b 000 0 eng d |
| 035 ## - SYSTEM CONTROL NUMBER | |
| System control number | (BD-RjUL)27125 |
| 040 ## - CATALOGING SOURCE | |
| Original cataloging agency | ORZ |
| Transcribing agency | ORZ |
| Modifying agency | BD-RjUL |
| Language of cataloging | eng |
| 041 ## - LANGUAGE CODE | |
| Language code of text/sound track or separate title | eng |
| 082 ## - DEWEY DECIMAL CLASSIFICATION NUMBER | |
| Classification number | 956.9 |
| Author mark and year | LOS 1958 |
| 100 1# - MAIN ENTRY--PERSONAL NAME | |
| Personal name | Longrigg, Stephen Hemsley. |
| 9 (RLIN) | 53548 |
| 245 10 - TITLE STATEMENT | |
| Title | Syria and Lebanon under French mandate / |
| Remainder of title | Issued under the auspices of the Royal Institute of International Affairs |
| 260 ## - PUBLICATION, DISTRIBUTION, ETC. (IMPRINT) | |
| Place of publication, distribution, etc. | Oxford University Press : |
| Name of publisher, distributor, etc. | London, |
| Date of publication, distribution, etc. | 1958. |
| 300 ## - PHYSICAL DESCRIPTION | |
| Pagination | 404 p. : |
| Illustrations | maps (1 fold.)p23 cm ; |
| Size | 22 cm. |
| 504 ## - BIBLIOGRAPHY, ETC. NOTE | |
| Bibliography, etc | Includes bibliography |
| 650 #0 - SUBJECT ADDED ENTRY--TOPICAL TERM | |
| Topical term or geographic name as entry element | Mandates |
| Geographic subdivision | France |
| 9 (RLIN) | 83097 |
| 651 #0 - SUBJECT ADDED ENTRY--GEOGRAPHIC NAME | |
| Geographic name | Syria |
| General subdivision | History |
| 9 (RLIN) | 83098 |
| Geographic name | Lebanon |
| General subdivision | History |
| 9 (RLIN) | 83099 |
| 710 2# - ADDED ENTRY--CORPORATE NAME | |
| Corporate name or jurisdiction name as entry element | Royal Institute of International Affairs. |
| 9 (RLIN) | 83100 |
| 942 ## - ADDED ENTRY ELEMENTS (KOHA) | |
| Source of classification or shelving scheme | Dewey Decimal Classification |
| Koha item type | Books |
| Lost status | Source of classification or shelving scheme | Damaged status | Not for loan | Collection code | Permanent Location | Current Location | Shelving location | Date acquired | Source of acquisition | Cost, normal purchase price | Total Checkouts | Full call number | Date last seen | Copy number | Koha item type |
|---|---|---|---|---|---|---|---|---|---|---|---|---|---|---|---|
| Dewey Decimal Classification | Added to bundle | Non-fiction | Central Library, University of Rajshahi | Central Library, University of Rajshahi | Reading Room | 25/03/1964 | zeithinger | 42.00 | 956.9 LOS 1958 | 24/03/2014 | C-1 | Books | |||
| Dewey Decimal Classification | Non-fiction | Central Library, University of Rajshahi | Central Library, University of Rajshahi | 14/02/1967 | Zeitlinger | 31.50 | 956.9 LOS 1958 | 17/11/2016 | C-2 | Books |